[Event "Platja d'Aro op 9th"]
[Site "Platja d'Aro"]
[Date "2022.12.28"]
[Round "4"]
[White "Villalba Pons, Guillem"]
[Black "Terron Chueco, David"]
[Result "1/2-1/2"]
[WhiteElo "1619"]
[BlackElo "1788"]
[PlyCount "34"]
[EventDate "2022.12.26"]
[EventType "swiss"]
[EventRounds "9"]
[EventCountry "ESP"]
[SourceTitle "CBM 211 Extra"]
[Source "ChessBase"]
[SourceDate "2023.01.31"]
[SourceVersion "1"]
[SourceVersionDate "2023.01.31"]
[SourceQuality "1"]

1. d4 Nf6 2. Nf3 e6 3. e3 d5 4. Bd3 Be7 5. b3 0-0 6. Bb2 b6 7. 0-0 Bb7 8. c4 c5 9. Nbd2 Nbd7 10. Rc1 Rc8 11. Ne5 Nxe5 12. dxe5 Ne4 13. Bxe4 dxe4 14. Qc2 Qd3 15. Qxd3 exd3 16. Rcd1 Rcd8 17. e4 Rd7 1/2-1/2